Technológia elektrotroskového pretavovania sintorvanej rýchloreznej ocele s aplikáciou magnetického poľa. /

Salvato in:
Dettagli Bibliografici
Autore principale: Pokusa, Anton, 1940- (Autore)
Natura: Manoscritto Libro
Pubblicazione: Bratislava : SVŠT v Bratislave SjF, 1981
Tags: Aggiungi Tag
Nessun Tag, puoi essere il primo ad aggiungerne!!

MARC

LEADER 00000ntm a22000003a 4500
001 stu47760
005 20150617225711.8
008 ------s1981----cs----------------------d
040 |a STU  |b slo 
041 0
044 |a cs 
080 |a 669.14.018.252.3 
100 1 |a Pokusa, Anton,  |d 1940-  |4 aut  |u M230  |U MTF Ústav výrobných technológií  |T MTF Katedra zlievarenstva  |X 282  |U M230  |Y M230  |7 A000000282 
245 1 |a Technológia elektrotroskového pretavovania sintorvanej rýchloreznej ocele s aplikáciou magnetického poľa. /  |c [aut.] Pokusa,Anton 
260 |a Bratislava :  |b SVŠT v Bratislave SjF,  |c 1981 
300 |a 100 s 
996 |b J65932  |c J*65932/DIZ.  |l JJSK  |s A  |a 24  |w stu47760_0001